000 01306nam a22003617a 4500
001 4962242
003 OSt
005 20210422052436.0
008 970416s1997 ilua b 001 0 eng c
010 _a 97018702
020 _a156793062X (alk. paper)
040 _aDNLM/DLC
_cDLC
_dDLC
050 0 0 _aRA971
_b.L65 1997
060 1 0 _aWX 150 L842f 1997
080 _a614
_bL-88
082 0 0 _a362.1/068
_221
100 1 _aLombardi, Donald N.,
_d1956-
245 1 0 _aReorganization and renewal :
_bstrategies for healthcare leaders /
_cDonald N. Lombardi.
260 _aChicago :
_bHealth Administration Press,
_cc1997.
300 _axiii, 218 p. :
_bill. ;
_c23 cm.
490 1 _aManagement series
504 _aIncludes bibliographical references and index.
650 0 _aHealth facilities
_xAdministration.
650 0 _aCorporate reorganizations.
650 1 2 _aHealth Facilities
_xorganization & administration.
650 1 2 _aOrganizational Innovation.
650 2 2 _aHospital Restructuring.
653 _aჯანდაცვა
830 0 _aManagement series (Ann Arbor, Mich.)
906 _a7
_bcbc
_corignew
_d1
_eocip
_f19
_gy-gencatlg
942 _2udc
_cBK
999 _c767
_d767